[Event "XVIII C.to Italiano U20"]
[Site "Bratto - Castione della Presolana ITA"]
[Date "2010.08.20"]
[Round "1"]
[White "Valsecchi, Alessio"]
[Black "Palazzotto, Roberto"]
[Result "1-0"]
[WhiteElo "2360"]
[BlackElo "1973"]
[PlyCount "93"]
[EventDate "2010.08.20"]

1. e4 c5 2. Nf3 Nc6 3. Bb5 e6 4. O-O Nge7 5. c3 a6 6. Ba4 b5 7. Bc2 d5 8. exd5
Nxd5 9. d4 Bb7 10. Re1 Be7 11. a3 O-O 12. Qd3 Nf6 13. Bg5 c4 14. Qe2 Qc7 15.
Nbd2 Rad8 16. Rad1 Qb8 17. Ne4 Nd5 18. Bxe7 Ncxe7 19. Ne5 f5 20. Nc5 Nf4 21.
Qd2 Nxg2 22. Nxb7 Qxb7 23. Rf1 Nh4 24. f3 Neg6 25. Nxg6 Nxg6 26. Qe3 Rde8 27.
Rd2 Rf6 28. d5 Nf8 29. Kh1 Nd7 30. Rg1 Nb6 31. dxe6 Rfxe6 32. Qf4 Re1 33. Qxf5
g6 34. Qf4 Rxg1+ 35. Kxg1 Rf8 36. Be4 Rxf4 37. Bxb7 Na4 38. Bxa6 Rxf3 39. Bxb5
Nc5 40. Bxc4+ Kg7 41. Bd5 Re3 42. Kf2 Rh3 43. Ke1 Re3+ 44. Kd1 Re7 45. Kc2 Nd7
46. b4 Nb6 47. Bb3 1-0

[Event "XVIII C.to Italiano U20"]
[Site "Bratto - Castione della Presolana ITA"]
[Date "2010.08.??"]
[Round "2"]
[White "Bonafede, Alessandro"]
[Black "Gallana, Marco"]
[Result "1-0"]
[WhiteElo "2280"]
[BlackElo "2080"]
[PlyCount "83"]
[EventDate "2010.08.20"]

1. e4 c6 2. d4 d5 3. e5 c5 4. dxc5 Nc6 5. Nf3 Bg4 6. Bb5 Qa5+ 7. Nc3 e6 8. Be3
O-O-O 9. Bxc6 bxc6 10. a3 Bxf3 11. Qxf3 Qc7 12. O-O-O f6 13. exf6 gxf6 14. Qh3
Qd7 15. Ne2 e5 16. Qxd7+ Rxd7 17. c3 h5 18. f4 Nh6 19. fxe5 fxe5 20. Rhf1 Ng4
21. Bg1 Bh6+ 22. Kb1 h4 23. Rf5 Re7 24. Rd3 Rg8 25. b4 Kd7 26. g3 e4 27. Rd1
Ne5 28. Rh5 Bg5 29. Bd4 Nf3 30. gxh4 Bxh4 31. c4 Rg5 32. Rh6 Re6 33. Bf6 Rg4
34. Rh7+ Kc8 35. Bxh4 Nxh4 36. cxd5 cxd5 37. Rxd5 Ng6 38. Rdd7 Rg2 39. Rc7+ Kd8
40. Rxa7 Ne7 41. Rh8+ Ng8 42. Rxg8+ 1-0

[Event "XVIII C.to Italiano U20"]
[Site "Bratto - Castione della Presolana ITA"]
[Date "2010.08.??"]
[Round "2"]
[White "Fiducioso, Marco"]
[Black "Pascucci, Marco"]
[Result "1/2-1/2"]
[WhiteElo "2265"]
[BlackElo "2021"]
[PlyCount "55"]
[EventDate "2010.08.20"]

1. e4 e5 2. Nf3 Nc6 3. d4 exd4 4. Nxd4 Bc5 5. Be3 Qf6 6. c3 Nge7 7. g3 d5 8.
Bg2 dxe4 9. Nd2 Bxd4 10. cxd4 Bf5 11. Nxe4 Bxe4 12. Bxe4 O-O-O 13. Qg4+ Kb8 14.
O-O-O Nxd4 15. Bxb7 Nec6 16. Ba6 Rd5 17. Kb1 Rhd8 18. Rhe1 h5 19. Qe4 Qf3 20.
Qxf3 Nxf3 21. Rxd5 Rxd5 22. Rc1 Nb4 23. Be2 Nd2+ 24. Bxd2 Rxd2 25. Re1 Nd3 26.
Bxd3 Rxd3 27. Re7 Rf3 28. Re2 1/2-1/2

[Event "XVIII C.to Italiano U20"]
[Site "Bratto - Castione della Presolana ITA"]
[Date "2010.08.??"]
[Round "3"]
[White "Codenotti, Marco"]
[Black "Bonafede, Alessandro"]
[Result "1-0"]
[WhiteElo "2169"]
[BlackElo "2280"]
[PlyCount "87"]
[EventDate "2010.08.20"]

1. e4 c5 2. Nf3 Nc6 3. d4 cxd4 4. Nxd4 Nf6 5. Nc3 e5 6. Ndb5 d6 7. Bg5 a6 8.
Na3 b5 9. Bxf6 gxf6 10. Nd5 Bg7 11. Bd3 Ne7 12. Nxe7 Qxe7 13. c4 f5 14. O-O O-O
15. Qf3 b4 16. Nc2 f4 17. Nxb4 Qg5 18. Be2 Rb8 19. Nd5 Rxb2 20. Rfb1 Rd2 21.
Rd1 Rb2 22. Rdb1 Rd2 23. Rd1 Rb2 24. Nc3 f5 25. Rab1 Rc2 26. Rb8 Qe7 27. c5
dxc5 28. Qd3 Rxc3 29. Qxc3 fxe4 30. Qc4+ Be6 31. Rxf8+ Bxf8 32. Qxe4 Bxa2 33.
Bxa6 Qe6 34. Bd3 Qe7 35. Ra1 Bb3 36. Rb1 c4 37. Bxc4+ Bxc4 38. Rb7 Qxb7 39.
Qxb7 Bf7 40. Qb8 e4 41. Qxf4 Bg6 42. h4 h6 43. Qf6 Bf7 44. Qf5 1-0

[Event "XVIII C.to Italiano U20"]
[Site "Bratto - Castione della Presolana ITA"]
[Date "2010.08.??"]
[Round "3"]
[White "De Filomeno, Simone"]
[Black "Gallucci, Alessio"]
[Result "0-1"]
[WhiteElo "2250"]
[BlackElo "2155"]
[PlyCount "72"]
[EventDate "2010.08.20"]

1. e4 c5 2. Nf3 d6 3. d4 cxd4 4. Nxd4 Nf6 5. Nc3 Nc6 6. Be2 g6 7. Nb3 Bg7 8.
O-O O-O 9. Re1 a5 10. a4 Be6 11. Bf1 Rc8 12. Bg5 h6 13. Bh4 Nb4 14. Nd4 Bc4 15.
Bxc4 Rxc4 16. Ndb5 Qc8 17. Na3 Rc5 18. f3 Rh5 19. Bf2 d5 20. e5 Nd7 21. f4 Rf5
22. Be3 g5 23. g4 Rxf4 24. Bxf4 gxf4 25. Qd4 Nxe5 26. Rxe5 Qxg4+ 27. Kf1 Qh3+
28. Ke1 Nc6 29. Qf2 Nxe5 30. Nxd5 Nf3+ 31. Ke2 Nd4+ 32. Kd2 Rd8 33. Nxf4 Qf5
34. Ke1 Rd6 35. Rd1 Qe4+ 36. Ne2 Nf3+ 0-1

[Event "XVIII C.to Italiano U20"]
[Site "Bratto - Castione della Presolana ITA"]
[Date "2010.08.??"]
[Round "3"]
[White "Valsecchi, Alessio"]
[Black "Testa, Adriano"]
[Result "1/2-1/2"]
[WhiteElo "2360"]
[BlackElo "2198"]
[PlyCount "105"]
[EventDate "2010.08.20"]

1. e4 e5 2. Nf3 Nc6 3. Bb5 Nf6 4. O-O Nxe4 5. d4 a6 6. Ba4 exd4 7. Re1 d5 8. c4
Be6 9. cxd5 Qxd5 10. Qxd4 Qxd4 11. Bxc6+ bxc6 12. Nxd4 Nc5 13. Nc3 O-O-O 14.
Be3 Kb7 15. Red1 Bc4 16. b3 Bd5 17. Rac1 Ne6 18. Nxd5 Nxd4 19. Bxd4 cxd5 20. b4
f6 21. Rb1 c6 22. a4 Bd6 23. Rdc1 Rc8 24. g3 Rhe8 25. Bc5 Kc7 26. b5 axb5 27.
axb5 Bxc5 28. Rxc5 Kd6 29. Rbc1 Re1+ 30. Rxe1 Kxc5 31. bxc6 Kxc6 32. Re6+ Kd7
33. Ra6 Rc6 34. Ra7+ Rc7 35. Ra6 Ke7 36. h4 h5 37. Kf1 Rd7 38. Ke2 Kf7 39. Kd3
Kg6 40. Kd4 Kf5 41. f3 Rb7 42. Ra3 Rb1 43. Ra7 Kg6 44. Ke3 Rb3+ 45. Kf4 Kh6 46.
Ra6 Kg6 47. Rd6 Rd3 48. Rd7 Rd1 49. Ke3 Re1+ 50. Kf2 Rd1 51. Ke2 Rd4 52. Ke3
Rd1 53. Ke2 1/2-1/2

[Event "XVIII C.to Italiano U20"]
[Site "Bratto - Castione della Presolana ITA"]
[Date "2010.08.??"]
[Round "4"]
[White "Fiducioso, Marco"]
[Black "Valsecchi, Alessio"]
[Result "0-1"]
[WhiteElo "2265"]
[BlackElo "2360"]
[PlyCount "60"]
[EventDate "2010.08.20"]

1. e4 e5 2. Nf3 Nc6 3. d4 exd4 4. Nxd4 Nf6 5. Nc3 Bb4 6. Nxc6 bxc6 7. Bd3 d5 8.
exd5 cxd5 9. O-O O-O 10. Bg5 c6 11. Ne2 Bg4 12. c3 Bd6 13. Qa4 Bxe2 14. Bxe2
Qe7 15. Bf3 Qe5 16. Qh4 Ne4 17. Bxe4 dxe4 18. Rad1 f5 19. g3 Qe6 20. Rd2 f4 21.
Re1 Rae8 22. b4 e3 23. fxe3 fxg3 24. hxg3 Be5 25. Bf4 Bxc3 26. Rd6 Qxa2 27. Rf1
Qc4 28. Rc1 Qxb4 29. Rxc6 Bd2 30. Ra1 Rxf4 0-1

[Event "XVIII C.to Italiano U20"]
[Site "Bratto - Castione della Presolana ITA"]
[Date "2010.08.??"]
[Round "4"]
[White "Gallucci, Alessio"]
[Black "Codenotti, Marco"]
[Result "1/2-1/2"]
[WhiteElo "2155"]
[BlackElo "2169"]
[PlyCount "24"]
[EventDate "2010.08.20"]

1. e4 c5 2. Nf3 Nc6 3. d4 cxd4 4. Nxd4 g6 5. Nc3 Bg7 6. Be3 Nf6 7. Be2 O-O 8.
O-O d5 9. exd5 Nxd5 10. Nxd5 Qxd5 11. Bf3 Qc4 12. Nxc6 bxc6 1/2-1/2

[Event "XVIII C.to Italiano U20"]
[Site "Bratto - Castione della Presolana ITA"]
[Date "2010.08.??"]
[Round "4"]
[White "Testa, Adriano"]
[Black "De Filomeno, Simone"]
[Result "1/2-1/2"]
[WhiteElo "2198"]
[BlackElo "2250"]
[PlyCount "67"]
[EventDate "2010.08.20"]

1. e4 c5 2. Nf3 d6 3. c3 Nf6 4. Bb5+ Bd7 5. Bxd7+ Nbxd7 6. d3 e6 7. Nbd2 Be7 8.
O-O O-O 9. a4 Qc7 10. Qe2 Rfe8 11. b3 b6 12. Bb2 Nf8 13. Ne1 e5 14. c4 a6 15.
Nc2 Ne6 16. g3 b5 17. axb5 axb5 18. Na3 b4 19. Nc2 Rxa1 20. Rxa1 Qb7 21. Qf1
Ra8 22. Ne3 g6 23. Nd5 Nxd5 24. cxd5 Nc7 25. f4 f6 26. Nc4 Rxa1 27. Qxa1 Qa6
28. Qxa6 Nxa6 29. Kf2 Nc7 30. Na5 Kf7 31. Kf3 Bf8 32. Nc4 h5 33. h3 Nb5 34. h4
1/2-1/2

[Event "XVIII C.to Italiano U20"]
[Site "Bratto - Castione della Presolana ITA"]
[Date "2010.08.??"]
[Round "5"]
[White "Codenotti, Marco"]
[Black "Testa, Adriano"]
[Result "0-1"]
[WhiteElo "2169"]
[BlackElo "2198"]
[PlyCount "60"]
[EventDate "2010.08.20"]

1. e4 e5 2. Nf3 Nc6 3. Bb5 Bc5 4. c3 Nf6 5. Qe2 Qe7 6. d3 a6 7. Ba4 Ba7 8. O-O
h6 9. Be3 O-O 10. Nbd2 d6 11. Bxc6 bxc6 12. Bxa7 Rxa7 13. d4 a5 14. dxe5 dxe5
15. Rfd1 Ba6 16. Qe3 Rb7 17. Nb3 a4 18. Na5 Rxb2 19. Nxc6 Qe6 20. Ncxe5 Re2 21.
Nd4 Qxe5 22. Nxe2 Ng4 23. Qh3 Bxe2 24. Rd2 Qxe4 25. Rd4 Qg6 26. Rxa4 Rb8 27.
Rb4 Rxb4 28. cxb4 Qf6 29. Rc1 Qxf2+ 30. Kh1 Qf4 0-1

[Event "XVIII C.to Italiano U20"]
[Site "Bratto - Castione della Presolana ITA"]
[Date "2010.08.??"]
[Round "5"]
[White "Gonella, Daniele"]
[Black "Bonafede, Alessandro"]
[Result "0-1"]
[WhiteElo "1982"]
[BlackElo "2280"]
[PlyCount "98"]
[EventDate "2010.08.20"]

1. e4 c5 2. c3 d6 3. d4 Nf6 4. dxc5 Nc6 5. cxd6 Nxe4 6. Bd3 Nxd6 7. Nf3 g6 8.
O-O Bg7 9. Re1 O-O 10. Bg5 Qc7 11. Nbd2 e5 12. Nc4 Nxc4 13. Bxc4 Na5 14. Bb3
Nxb3 15. axb3 Be6 16. b4 f6 17. Be3 Rfd8 18. Qa4 Bd5 19. Nd2 f5 20. f3 b6 21.
b5 Kh8 22. Rad1 Rd7 23. Bf2 Rad8 24. Bh4 Rc8 25. Nf1 Bc4 26. Ne3 Bd3 27. Bf2
Rcd8 28. Bh4 Re8 29. Nc2 Qc5+ 30. Bf2 Bxb5 31. Qb3 Qc6 32. Nb4 Qb7 33. c4 Bc6
34. Nxc6 Qxc6 35. Rxd7 Qxd7 36. Rd1 Qe7 37. Qd3 e4 38. fxe4 fxe4 39. Qd2 Kg8
40. Be3 Bf6 41. b4 Rd8 42. Qxd8+ Qxd8 43. Rxd8+ Bxd8 44. c5 Kf7 45. Bf4 bxc5
46. bxc5 Ke6 47. c6 Bb6+ 48. Kf1 a5 49. Ke2 a4 0-1

[Event "XVIII C.to Italiano U20"]
[Site "Bratto - Castione della Presolana ITA"]
[Date "2010.08.??"]
[Round "5"]
[White "Valsecchi, Alessio"]
[Black "Gallucci, Alessio"]
[Result "1-0"]
[WhiteElo "2360"]
[BlackElo "2155"]
[PlyCount "101"]
[EventDate "2010.08.20"]

1. e4 c5 2. Nf3 Nc6 3. Bb5 g6 4. Bxc6 bxc6 5. O-O Bg7 6. Re1 e5 7. d3 Ne7 8.
Nbd2 d6 9. c3 O-O 10. a3 Ba6 11. Qc2 f5 12. Ng5 Qd7 13. b4 h6 14. Ngf3 c4 15.
d4 d5 16. Nxe5 Bxe5 17. dxe5 dxe4 18. Nxe4 fxe4 19. Bxh6 Qd3 20. Qb2 Nd5 21.
Bxf8 Rxf8 22. Rad1 Qxc3 23. Qxc3 Nxc3 24. Rd7 Bc8 25. Rd6 e3 26. Rxe3 Nd5 27.
Rxg6+ Kh7 28. Rxc6 Nxe3 29. fxe3 Bf5 30. Rxc4 Bd3 31. Rf4 Re8 32. Kf2 a6 33. e4
Rxe5 34. Ke3 Bb5 35. g4 Re8 36. h4 Rd8 37. e5 Rd3+ 38. Ke4 Rxa3 39. h5 Ra4 40.
Kf5 Bd3+ 41. Kg5 Bb5 42. e6 Ra1 43. Kf6 Rd1 44. Kf7 Rd8 45. g5 Rg8 46. g6+ Kh8
47. Rd4 Rg7+ 48. Kf6 Rg8 49. e7 Bc6 50. Rd8 Be8 51. Rxe8 1-0

[Event "XVIII C.to Italiano U20"]
[Site "Bratto - Castione della Presolana ITA"]
[Date "2010.08.??"]
[Round "6"]
[White "Bonafede, Alessandro"]
[Black "Valsecchi, Alessio"]
[Result "1/2-1/2"]
[WhiteElo "2280"]
[BlackElo "2360"]
[PlyCount "83"]
[EventDate "2010.08.20"]

1. e4 d5 2. exd5 Qxd5 3. Nc3 Qd6 4. d4 Nf6 5. Bd3 g6 6. Nb5 Qb6 7. Bf4 Na6 8.
Qe2 Be6 9. c3 c6 10. Na3 Nc7 11. Nc4 Bxc4 12. Bxc4 Ncd5 13. Be5 Bg7 14. Nf3 O-O
15. O-O Qd8 16. a4 Bh6 17. Rfe1 Nh5 18. a5 Qd7 19. Qe4 Rae8 20. h3 f6 21. Bh2
e6 22. Bb3 g5 23. Rad1 Qg7 24. Bd6 f5 25. Bxf8 Qxf8 26. Qe5 Bg7 27. Qh2 h6 28.
c4 Ndf4 29. c5 Kh7 30. g3 Nd5 31. Ne5 Qe7 32. Qg2 Qc7 33. Bxd5 cxd5 34. Qf3 Nf6
35. b4 Ne4 36. Qh5 Bxe5 37. dxe5 Rg8 38. Qe2 Nc3 39. Qe3 Nxd1 40. Rxd1 a6 41.
Rc1 Qc6 42. Qd3 1/2-1/2

[Event "XVIII C.to Italiano U20"]
[Site "Bratto - Castione della Presolana ITA"]
[Date "2010.08.??"]
[Round "6"]
[White "Codenotti, Marco"]
[Black "De Filomeno, Simone"]
[Result "1/2-1/2"]
[WhiteElo "2169"]
[BlackElo "2250"]
[PlyCount "61"]
[EventDate "2010.08.20"]

1. e4 c5 2. Nf3 e6 3. d4 cxd4 4. Nxd4 Nf6 5. Nc3 Bb4 6. e5 Nd5 7. Qg4 O-O 8.
Bh6 g6 9. Qg3 Re8 10. h4 d6 11. h5 dxe5 12. hxg6 fxg6 13. Qxe5 Qe7 14. a3 Nd7
15. Qg3 Bd6 16. Qh4 Qxh4 17. Rxh4 Be7 18. Rh3 Nxc3 19. bxc3 a6 20. Bc4 Nb6 21.
Bb3 Kh8 22. Re3 Bf6 23. Rb1 e5 24. Bf7 Re7 25. Rxb6 Rxf7 26. f4 e4 27. Rxe4 Bf5
28. Re3 Rc8 29. Nxf5 gxf5 30. Rbe6 Rg8 31. Re8 1/2-1/2

[Event "XVIII C.to Italiano U20"]
[Site "Bratto - Castione della Presolana ITA"]
[Date "2010.08.??"]
[Round "6"]
[White "Testa, Adriano"]
[Black "Gallana, Marco"]
[Result "0-1"]
[WhiteElo "2198"]
[BlackElo "2080"]
[PlyCount "84"]
[EventDate "2010.08.20"]

1. e4 c6 2. Nf3 d5 3. exd5 cxd5 4. Ne5 Nf6 5. Bb5+ Nbd7 6. d4 g6 7. O-O Bg7 8.
a4 O-O 9. Nc3 Nxe5 10. dxe5 Ng4 11. Nxd5 Bxe5 12. h3 Nf6 13. f4 Nxd5 14. fxe5
Qb6+ 15. Rf2 Be6 16. Qf3 Rfd8 17. Bc4 Rac8 18. Bb3 Qd4 19. Qe2 a6 20. Bg5 Qxb2
21. Raf1 Qd4 22. Rd1 Nc3 23. Rxd4 Nxe2+ 24. Rxe2 Rxd4 25. Bxe7 Bxb3 26. cxb3 h6
27. a5 g5 28. b4 Kg7 29. Rf2 Rf4 30. Rd2 Rc7 31. Bf6+ Kg6 32. g4 h5 33. Rd8
hxg4 34. Rg8+ Kf5 35. Rxg5+ Ke4 36. hxg4 Kf3 37. Kh2 Rc2+ 38. Kh3 Rc1 39. Kh2
Rxb4 40. e6 fxe6 41. Rg7 Rxg4 42. Rxb7 Rg2+ 0-1

[Event "XVIII C.to Italiano U20"]
[Site "Bratto - Castione della Presolana ITA"]
[Date "2010.08.??"]
[Round "7"]
[White "De Filomeno, Simone"]
[Black "Bonafede, Alessandro"]
[Result "0-1"]
[WhiteElo "2250"]
[BlackElo "2280"]
[PlyCount "58"]
[EventDate "2010.08.20"]

1. e4 c5 2. Nf3 a6 3. c4 d6 4. d4 Bg4 5. dxc5 Bxf3 6. Qxf3 dxc5 7. Qb3 Nc6 8.
Be3 e6 9. Be2 Be7 10. O-O Qc7 11. Rd1 Nf6 12. Nc3 O-O 13. Na4 Rad8 14. f3 Nd4
15. Bxd4 cxd4 16. Kh1 Nh5 17. c5 Bh4 18. Bf1 Bf2 19. Rd2 Be3 20. Re2 Qf4 21.
Rxe3 dxe3 22. Re1 Rd4 23. Nc3 Qh4 24. Rc1 Rd2 25. Qxb7 e2 26. Nxe2 Rxe2 27. c6
Ng3+ 28. Kg1 Nxf1 29. Rxf1 Qg5 0-1

[Event "XVIII C.to Italiano U20"]
[Site "Bratto - Castione della Presolana ITA"]
[Date "2010.08.??"]
[Round "7"]
[White "Locci, Damiano"]
[Black "Stella, Andrea"]
[Result "1-0"]
[WhiteElo "2138"]
[BlackElo "2310"]
[PlyCount "75"]
[EventDate "2010.08.20"]

1. c4 f5 2. Nc3 Nf6 3. d4 d6 4. g3 g6 5. Bg2 Bg7 6. Nf3 O-O 7. O-O c6 8. Rb1
Ne4 9. Qc2 Nxc3 10. bxc3 Qa5 11. c5 dxc5 12. Qb3+ e6 13. Ng5 Re8 14. e4 h6 15.
Nh3 cxd4 16. cxd4 Qb6 17. Qc2 Qxd4 18. Nf4 Qf6 19. Re1 e5 20. exf5 Bxf5 21.
Qb3+ Kh7 22. Rb2 Nd7 23. Rbe2 Rf8 24. Bb2 Qf7 25. Qxb7 Rab8 26. Qxa7 Rxb2 27.
Rxb2 exf4 28. Rbe2 fxg3 29. hxg3 Qc4 30. Re7 Rf7 31. Rxf7 Qxf7 32. Bxc6 Ne5 33.
Qxf7 Nxf7 34. a4 Ne5 35. Bb7 Nd3 36. Re7 h5 37. a5 Kh6 38. Rxg7 1-0

[Event "XVIII C.to Italiano U20"]
[Site "Bratto - Castione della Presolana ITA"]
[Date "2010.08.??"]
[Round "7"]
[White "Valsecchi, Alessio"]
[Black "Gallana, Marco"]
[Result "1-0"]
[WhiteElo "2360"]
[BlackElo "2080"]
[PlyCount "71"]
[EventDate "2010.08.20"]

1. e4 c6 2. c4 d5 3. exd5 cxd5 4. cxd5 Nf6 5. Nc3 Nxd5 6. Nf3 e6 7. Bc4 Nc6 8.
O-O Be7 9. d4 O-O 10. a3 Bf6 11. Ne4 Nce7 12. Re1 b6 13. Ne5 Bb7 14. Bg5 Bxg5
15. Nxg5 Ng6 16. Qg4 Ndf4 17. Nxg6 Nxg6 18. Qh5 h6 19. Nxe6 fxe6 20. Qxg6 Rf6
21. Bxe6+ Kh8 22. Qg4 Qd6 23. Rad1 Re8 24. d5 Bxd5 25. Bxd5 Rxe1+ 26. Rxe1 Qxd5
27. Re7 Rg6 28. Qe4 Qd1+ 29. Qe1 Qf3 30. g3 Kh7 31. Qb1 Qg4 32. Rxa7 h5 33. Re7
Kh6 34. Re8 Rf6 35. Rh8+ Kg5 36. h4+ 1-0

[Event "XVIII C.to Italiano U20"]
[Site "Bratto - Castione della Presolana ITA"]
[Date "2010.08.??"]
[Round "8"]
[White "Bonafede, Alessandro"]
[Black "Gallucci, Alessio"]
[Result "1-0"]
[WhiteElo "2280"]
[BlackElo "2155"]
[PlyCount "39"]
[EventDate "2010.08.20"]

1. e4 c5 2. b4 cxb4 3. a3 d5 4. exd5 Qxd5 5. Nf3 g5 6. Bb2 Nf6 7. axb4 g4 8.
Nd4 Nc6 9. Nb5 Kd8 10. N1c3 Qe5+ 11. Be2 Rg8 12. d4 Qb8 13. d5 Nxb4 14. Ra4 a5
15. O-O Bd7 16. Qd4 Ra6 17. Rxa5 Nxc2 18. Qa4 Nxd5 19. Nxd5 e6 20. Bf6+ 1-0

[Event "XVIII C.to Italiano U20"]
[Site "Bratto - Castione della Presolana ITA"]
[Date "2010.08.??"]
[Round "8"]
[White "Codenotti, Marco"]
[Black "Valsecchi, Alessio"]
[Result "1-0"]
[WhiteElo "2169"]
[BlackElo "2360"]
[PlyCount "61"]
[EventDate "2010.08.20"]

1. e4 d5 2. exd5 Qxd5 3. Nc3 Qd6 4. d4 Nf6 5. Nf3 g6 6. g3 Bg7 7. Bg2 Qa6 8.
Bf4 c6 9. Qd2 O-O 10. a3 Bf5 11. O-O-O b5 12. Ne5 Rd8 13. Qe2 Be6 14. Nd3 Qa5
15. Nc5 b4 16. Nxe6 bxc3 17. Nxd8 cxb2+ 18. Kxb2 Qxd8 19. c3 Nd5 20. Be5 Bf8
21. c4 Qb6+ 22. Kc2 Nd7 23. Rb1 Qa6 24. Qd3 Rc8 25. Rb3 N5b6 26. c5 Qxd3+ 27.
Rxd3 Na4 28. Re1 f6 29. Bh3 Nxe5 30. Bxc8 Nxd3 31. Be6+ 1-0

[Event "XVIII C.to Italiano U20"]
[Site "Bratto - Castione della Presolana ITA"]
[Date "2010.08.??"]
[Round "8"]
[White "Gallana, Marco"]
[Black "Locci, Damiano"]
[Result "1/2-1/2"]
[WhiteElo "2080"]
[BlackElo "2138"]
[PlyCount "26"]
[EventDate "2010.08.20"]

1. e4 e5 2. Nf3 f5 3. Nxe5 Nc6 4. Qh5+ g6 5. Nxg6 Nf6 6. Qh4 Rg8 7. Nxf8 Rg4 8.
Qh6 Rxe4+ 9. Be2 Qe7 10. Nc3 Rxe2+ 11. Nxe2 Nd4 12. O-O Nxe2+ 13. Kh1 Nd4
1/2-1/2

[Event "XVIII C.to Italiano U20"]
[Site "Bratto - Castione della Presolana ITA"]
[Date "2010.08.??"]
[Round "9"]
[White "Fiducioso, Marco"]
[Black "Bonafede, Alessandro"]
[Result "0-1"]
[WhiteElo "2265"]
[BlackElo "2280"]
[PlyCount "78"]
[EventDate "2010.08.20"]

1. e4 c5 2. Nf3 Nc6 3. d4 cxd4 4. Nxd4 Nf6 5. Nc3 e5 6. Ndb5 d6 7. Bg5 a6 8.
Na3 b5 9. Bxf6 gxf6 10. Nd5 Bg7 11. c3 f5 12. exf5 Bxf5 13. Nc2 O-O 14. Nce3
Be6 15. Bd3 f5 16. O-O Ra7 17. a4 Ne7 18. Nxe7+ Rxe7 19. axb5 axb5 20. Bxb5 d5
21. Ra6 Kh8 22. Qa4 f4 23. Nc2 Bf5 24. Rd1 Rb7 25. Ne1 e4 26. Ra7 Rb6 27. c4
Rh6 28. Ra6 Rxa6 29. Bxa6 d4 30. c5 d3 31. Qb4 Qf6 32. Bb7 Rb8 33. c6 Qxc6 34.
Bxc6 Rxb4 35. f3 Bd4+ 36. Kh1 e3 37. Be4 Bxe4 38. fxe4 d2 39. Nc2 Rc4 0-1

[Event "XVIII C.to Italiano U20"]
[Site "Bratto - Castione della Presolana ITA"]
[Date "2010.08.??"]
[Round "9"]
[White "Stella, Andrea"]
[Black "Codenotti, Marco"]
[Result "1/2-1/2"]
[WhiteElo "2310"]
[BlackElo "2169"]
[PlyCount "47"]
[EventDate "2010.08.20"]

1. d4 Nf6 2. c4 g6 3. Nc3 d5 4. cxd5 Nxd5 5. e4 Nxc3 6. bxc3 Bg7 7. Bc4 c5 8.
Ne2 O-O 9. O-O Nc6 10. Be3 b6 11. Qd2 Bb7 12. Rac1 Rc8 13. Rfd1 cxd4 14. cxd4
Qd6 15. Bh6 Qb4 16. Qxb4 Nxb4 17. Bxg7 Kxg7 18. a3 Nc6 19. d5 Ne5 20. Bb5 Rxc1
21. Rxc1 Rc8 22. Rxc8 Bxc8 23. Nd4 g5 24. f3 1/2-1/2

[Event "XVIII C.to Italiano U20"]
[Site "Bratto - Castione della Presolana ITA"]
[Date "2010.08.??"]
[Round "9"]
[White "Valsecchi, Alessio"]
[Black "Locci, Damiano"]
[Result "1-0"]
[WhiteElo "2360"]
[BlackElo "2138"]
[PlyCount "51"]
[EventDate "2010.08.20"]

1. Nf3 d5 2. d4 c6 3. c4 Nf6 4. e3 g6 5. Nbd2 Bg7 6. Bd3 O-O 7. O-O Nbd7 8. Qe2
Re8 9. Rd1 Nf8 10. b3 h6 11. Bb2 N8h7 12. e4 Nh5 13. Qe3 N7f6 14. h3 dxe4 15.
Nxe4 g5 16. Nexg5 hxg5 17. Qxg5 Kh8 18. Ne5 Be6 19. Be2 Rg8 20. d5 Bf8 21.
Qxh5+ Nxh5 22. Nxf7+ Kh7 23. Bd3+ Rg6 24. Nxd8 Bxh3 25. Bxg6+ Kxg6 26. dxc6 1-0

[Event "XXX Festival Conca della Presolana A"]
[Site "Bratto - Castione della Presolana ITA"]
[Date "2010.08.20"]
[Round "1"]
[White "Baklan, Vladimir"]
[Black "Lucaroni, Massimiliano"]
[WhiteElo "2638"]
[BlackElo "2255"]
[Result "1-0"]
[PlyCount "93"]
[EventDate "2010.08.20"]

1. e4 e5 2. Nc3 Nf6 3. g3 Bc5 4. Bg2 d6 5. d3 a6 6. Nge2 Nc6 7. h3 Nd4 8. O-O
O-O 9. Kh1 c6 10. f4 Nxe2 11. Qxe2 exf4 12. Bxf4 Bd4 13. Qf3 Be6 14. Rad1 d5
15. Ne2 Bxb2 16. Rb1 Ba3 17. Rxb7 Be7 18. e5 Nd7 19. Nd4 Qc8 20. Rfb1 Rb8 21.
Rxb8 Nxb8 22. Nxe6 fxe6 23. Qg4 Rf5 24. c4 Nd7 25. d4 Nf8 26. Qd1 Bg5 27. Bxg5
Rxg5 28. Qb3 Qe8 29. Rf1 dxc4 30. Qe3 Rf5 31. Rc1 Ng6 32. Rxc4 Ne7 33. Rc2 Qd7
34. Kh2 Rf8 35. Qb3 Rd8 36. Qc4 Kf7 37. Rf2+ Kg8 38. h4 g6 39. Bh3 Nf5 40. Bxf5
gxf5 41. Rxf5 Kh8 42. Rf4 Qd5 43. Qf1 Qxa2+ 44. Kh3 Rg8 45. Rf8 h6 46. Qf6+ Kh7
47. Rf7+ 1-0

[Event "XXX Festival Conca della Presolana A"]
[Site "Bratto - Castione della Presolana ITA"]
[Date "2010.08.20"]
[Round "1"]
[White "Burmakin, Vladimir"]
[Black "Xia, Jie"]
[WhiteElo "2605"]
[BlackElo "2201"]
[Result "1-0"]
[PlyCount "76"]
[EventDate "2010.08.20"]

1. Nf3 Nf6 2. c4 g6 3. b3 Bg7 4. Bb2 O-O 5. g3 c6 6. Bg2 d6 7. d4 Bg4 8. h3
Bxf3 9. Bxf3 Nbd7 10. O-O e5 11. dxe5 Nxe5 12. Bg2 Qe7 13. Nc3 Rfe8 14. Qd2
Ned7 15. Rad1 Nc5 16. Rfe1 Rad8 17. e4 a5 18. Ba3 Qc7 19. Qc2 Nfd7 20. Re2 Nf8
21. Bc1 h5 22. Be3 Qe7 23. Red2 h4 24. gxh4 Qxh4 25. Rxd6 Rxd6 26. Rxd6 Nce6
27. Ne2 Be5 28. Rd3 g5 29. Qd2 Ng6 30. Qxa5 g4 31. Bc1 Nef4 32. Bxf4 Bxf4 33.
Qf5 gxh3 34. Rxh3 Qg5 35. Qxg5 Bxg5 36. Rg3 Be7 37. f4 Kf8 38. Rd3 Bc5+ 1-0

[Event "XXX Festival Conca della Presolana A"]
[Site "Bratto - Castione della Presolana ITA"]
[Date "2010.08.20"]
[Round "1"]
[White "Cordara, Michele"]
[Black "Rombaldoni, Axel"]
[WhiteElo "2091"]
[BlackElo "2448"]
[Result "0-1"]
[PlyCount "64"]
[EventDate "2010.08.20"]

1. c4 e5 2. g3 Nf6 3. Bg2 d5 4. cxd5 Nxd5 5. Nc3 Ne7 6. Nf3 Nbc6 7. b4 a6 8.
Bb2 g6 9. a3 Bg7 10. Qc2 O-O 11. O-O Nf5 12. e3 Nd6 13. d4 exd4 14. Nxd4 Nxd4
15. exd4 Bf5 16. Ne4 Re8 17. Rfe1 c6 18. Rad1 Nxe4 19. Bxe4 Rxe4 20. Rxe4 Bxe4
21. Qxe4 Qd7 22. Re1 Kf8 23. Qh4 h5 24. Bc1 Bxd4 25. Bh6+ Kg8 26. Re7 Qd5 27.
Rxb7 c5 28. Qe7 Qf3 29. Be3 Bxe3 30. fxe3 cxb4 31. Rxb4 Rc8 32. Rb1 Rc2 0-1

[Event "XXX Festival Conca della Presolana A"]
[Site "Bratto - Castione della Presolana ITA"]
[Date "2010.08.20"]
[Round "1"]
[White "Cugini, Verter"]
[Black "Vocaturo, Daniele"]
[WhiteElo "2122"]
[BlackElo "2526"]
[Result "0-1"]
[PlyCount "68"]
[EventDate "2010.08.20"]

1. e4 e5 2. Nf3 Nc6 3. d4 exd4 4. Nxd4 Bb4+ 5. c3 Bc5 6. Be3 Bb6 7. Bc4 Ne5 8.
Be2 Nf6 9. Nd2 d6 10. h3 O-O 11. O-O Re8 12. f4 Ng6 13. Bd3 Nd5 14. exd5 Rxe3
15. Nc4 Bxd4 16. cxd4 Rg3 17. Bxg6 hxg6 18. Kh2 Qh4 19. Qe1 Rxg2+ 20. Kxg2
Bxh3+ 21. Kh1 Qh5 22. Rf2 Be6+ 23. Kg1 Bxd5 24. Rh2 Qg4+ 25. Kf2 Qxf4+ 26. Kg1
Qg4+ 27. Kf2 Qxd4+ 28. Ne3 Re8 29. Rh3 Qxb2+ 30. Kg3 Rxe3+ 31. Qxe3 Qg2+ 32.
Kh4 Be6 33. Rg3 Qh2+ 34. Rh3 Bxh3 0-1